000 00739nam a2200205Ii 4500
003 JO-AjNU
008 230605s9999||||xx |||||||||||||| ||und||
040 _aJO-AjNU
_bara
_erda
_cJO-AjNU
041 _aara
050 1 4 _aBP144.A2 1968
100 3 _aعوده، عبد القادر,
_eauthor
_947044
245 0 0 _aالتشريع الجنائي الإسلامي مقارناً بالقانون الوضعي، ج1
250 _aط5
264 3 1 _aد.م: د.ن، 1968
300 _aج1، 818ص
336 _atext
_btxt
_2rdacontent
337 _aunmediated
_bn
_2rdamedia
338 _avolume
_bnc
_2rdacarrier
650 4 _aالجنايات- فقه اسلامي- العقوبات- فقه اسلامي- القانون الجنائي
_947045
999 _aA20509
_c24077
_d24077